Best Players to Ever Wear a Cavaliers Jersey - Statistics

General Stats
  • This quiz has been taken 6 times
  • The average score is 10 of 20
Answer Stats
Hint Answer % Correct
7. Kyrie Irving
100%
1. LeBron James
100%
2. Shaquille O'Neal
100%
9. Kevin Love
83%
13. Donovan Mitchell
67%
4. Dwyane Wade
67%
15. Mark Price
67%
17. Deron Williams
50%
11. Derrick Rose
50%
18. Brad Daugherty
33%
3. James Harden
33%
16. Larry Nance
33%
20. Lenny Wilkens
33%
12. Rajon Rondo
33%
10. Shawn Kemp
33%
5. Ben Wallace
17%
8. Nate Thurmond
17%
14. Shawn Marion
17%
6. Walt Frazier
17%
19. Carlos Boozer
0%
No matching quizzes found
Score Distribution
Percent of People with Each Score
Percentile by Number Answered
Your Score History
You have not taken this quiz